| 000 | 00418cam a2200157ua 4500 | ||
|---|---|---|---|
| 041 |
_aeng _h |
||
| 082 |
_a364.1323 _bDWI/PO |
||
| 100 | _aSurendranath, Dwivedy . | ||
| 245 |
_aPolitical corruption in India / _cSurendranath Dwyvedi. _hTextual Documents |
||
| 260 |
_aBombay : _bPopular Book Depot , _c1967. |
||
| 300 | _a180 ; . | ||
| 504 | _a | ||
| 700 | 1 | _aBhargava, G S . | |
| 942 | _cBK | ||
| 999 |
_c12651 _d12651 |
||